| 000 | 00762cam a22002413a 4500 | ||
|---|---|---|---|
| 001 | 7036 | ||
| 003 | PGUSA | ||
| 005 | 20140828083139.0 | ||
| 008 | 041201s2004||||xxu|||||s|||||000 1 eng d | ||
| 040 |
_aPGUSA _beng |
||
| 042 | _adc | ||
| 050 | 4 | _aPS | |
| 100 | 1 |
_aByrum, Isabel C. _q(Isabel Coston), _d1870-1938 |
|
| 245 | 1 | 4 |
_aThe Poorhouse Waif and His Divine Teacher : _bA True Story _h[electronic resource] / _cIsabel C. Byrum |
| 260 |
_bProject Gutenberg, _c2004 |
||
| 506 | _aPublic domain in the USA. | ||
| 516 | _aElectronic text | ||
| 653 | _aChristian life -- Fiction | ||
| 653 | _aUnited States -- History -- Civil War, 1861-1865 -- Fiction | ||
| 830 | 0 |
_aProject Gutenberg _v7036 |
|
| 856 | 4 | 0 | _uhttp://www.gutenberg.org/ebooks/7036 |
| 942 | _cEB | ||
| 999 |
_c236356 _d236356 |
||